Регионална библиотека "Любен Каравелов" - Русе

Селекция, семепроизводство и агротехника на полските култури, 14-15 ноем. 1990 г., Русе (Запис номер 189121)

MARC детайли
000 -Лидер
Контролно поле с фиксирана дължина 02271nam a2200373 c 4500
003 - Код на организацията, давaща контролен номер
Контролно поле BLK
005 - Дата и час на последна редакция
Контролно поле 20180421000542.0
008 - Елементи от данни с фиксирана дължина
fixed length control field 180411b bul|||||r ||||||| ||bul||
010 ## - Наследен системен номер
LC control number KNG00198145000
040 ## - Източник на каталожния запис
Идентификатор на билиотеката - собственик на записа BLK
041 ## - Код за език
Код за езика на текст/звукозапис или на отделно заглавие Български
Код за езика КДБФ Български
080 ## - УДК
Текстов определител УДК Полевъдство. Полски култури и производството им
УДК код - определител по УДК 633
УДК определител :631.5(063)
УДК - код + определител 633:631.5(063)
110 1# - Редна дума - колетивен орган
Редна дума - наименование на организация или юридическо лице Юбилейна науч. сес. 85 г. Институт по семезнание и семепроизводство Образцов чифлик-Русе 1905 - 1990. Русе. 190
9 (RLIN) 344735
139 ## - Редно поле
Редна дума Юбилейна науч. сес. 85 г. Институт по семезнание и семепроизводство Образцов чифлик-Русе 1905 - 1990. Русе. 190
Авторски знак Юб - Ю 12
245 10 - Сведения за заглавието
Заглавие Селекция, семепроизводство и агротехника на полските култури, 14-15 ноем. 1990 г., Русе
Подзаглавни данни Ч. 1 -
Том Ч. 1
Заглавие на том Доклади, изнесени на пленарното заседание в заседанията на секцията по генетика и селекция на полските култури
257 ## - Страна на издаване
Страна на създаване/издаване България
260 ## - Област на издателските данни
-- София
Име на издателя, разпространителя и проч. СА
Година на издаване 1990 -
300 ## - Физическа характеристика
Размери/Мащаб 20 см
380 ## - Жанр
Жанр Селско стопанство
650 #4 - Допълнително описание по предмет – тема
Основно описание – тема или топоним Полски култури - агротехника
9 (RLIN) 266053
651 #4 - Допълнително описание по предмет - топоним
Географско понятие Образцов чифлик
9 (RLIN) 179295
653 ## - Ключова дума – ненормативна
Ключова дума полски култури
653 ## - Ключова дума – ненормативна
Ключова дума селекция
653 ## - Ключова дума – ненормативна
Ключова дума генетика
653 ## - Ключова дума – ненормативна
Ключова дума научни сесии
653 ## - Ключова дума – ненормативна
Ключова дума Образцов чифлик
653 ## - Ключова дума – ненормативна
Ключова дума семепроизводство
760 1# - Описание на основната серия
Редна дума на основното описание Юбилейна науч. сес. 85 г. Институт по семезнание и семепроизводство Образцов чифлик-Русе 1905 - 1990. Русе. 190
Място на издаване, издател и година 1990
Страници - том 286 с. : с табл.
Заглавие Ч. 1 Доклади, изнесени на пленарното заседание в заседанията на секцията по генетика и селекция на полските култури
852 ## - Местоположение
Форматна сигнатура Цб 165380
856 4# - Електронен адрес и достъп
Електронен формат pdf - файл
Път до файла /url/
856 4# - Електронен адрес и достъп
Електронен формат pdf - файл
Път до файла /url/
942 ## - АРТИКУЛИ
Вид на библиотечния материал Книги
Скрит в OPAC Не
944 ## - СЪЗДАВАНЕ И РЕДАКЦИЯ на ЗАПИСА
Създаване/Редакция Създаване
Дата на регистрацията/редакция 14.12.2016
Служител, извършил регистрацията/редакцията Валя_Йорданова
944 ## - СЪЗДАВАНЕ И РЕДАКЦИЯ на ЗАПИСА
Създаване/Редакция Редакция
Дата на регистрацията/редакция 14.12.2016
Служител, извършил регистрацията/редакцията Валя_Йорданова
999 ## - СИСТЕМНИ КОНТРОЛНИ НОМЕРА
Koha biblionumber 189121
Koha biblioitemnumber 189121
Наличности
Код за отписване Код за изгубен артикул Източник на класификационната схема Код за повреда Коз за рестрикции Код за отдаване Артикулен № Име на библиотеката - собственик Име на библиотеката, в която се намира в момента Статус (Текущо местоположение) Дата на вписване в системата Местоположение - отдел Цена в лева Инвентарен номер Систематично азбучна сигнатура Баркод Номер на екземпляра Цена в евро Служебна бележка Служебен тип на артикула
  Не е изгубен Universal Decimal Classification Не е повреден без рестрикции ползва се в читалня 332656 Регионална библиотека "Любен Каравелов" Русе Регионална библиотека "Любен Каравелов" Русе Хранилище 1990-01-01 Хранилище 0.00 546859 Цб 165380 120000546859 1 0.00 Дост: Dp Вид: Д N: Сф Дата: 01.01.1990 Книги
Изтеглен Не е изгубен Universal Decimal Classification Не е повреден без рестрикции заемане за дома 332657 Регионална библиотека "Любен Каравелов" Русе Регионална библиотека "Любен Каравелов" Русе Заемна - подръчен фонд 1990-01-01 Заемна - подръчен фонд 5.00 549757 П 633/Б 44 549757 2 2.56 N: Сф Дата: 01.01.1990 Дата инв: 06.02.2018 Бележки инв: П2018 Книги
Vip Innovations Ltd, Rousse, Bulgaria 2025